000 00724nam a2200241 a 4500
005 20240831063757.0
008 140519s2006 es r 000 0 spa d
020 _a842368170X
035 _aUPN01000197273
049 _aI
050 4 _aPZ74.9
_bG5.5
100 1 _aGiménez, Teresa
_932268
245 1 0 _aMarcela, ¿qué haces? /
_cTeresa Giménez.
260 _aBarcelona [Esp.] :
_bEdebé,
_c2006.
300 _a31 p. :
_bprincipalmente il. col.
440 0 _aMis cuentos favoritos.
_pTren azul
534 _pTítulo original:
_tMarcel.la què?
650 4 _aCuentos infantiles españoles
_97725
650 4 _aAMOR -
_vLITERATURA INFANTIL
_911101
905 _aInfantil
999 _c169374
_d169374